| 000 | 00702nam a2200205 a 4500 | ||
|---|---|---|---|
| 001 | 000024075 | ||
| 005 | 20200930022710.0 | ||
| 008 | 110118s1976 xxu r 000 0 spa d | ||
| 020 | _a0311043434 | ||
| 040 |
_aDO-SdBNP _bspa _cBNPHU |
||
| 082 |
_axxxxx _bM146r |
||
| 100 | 1 |
_aMacGorman, J. W. _949464 |
|
| 245 | 1 | 0 |
_aRomanos : _bel evangelio para todo hombre / _cJ. W. MacGorman ; traducción Alfonso Olmedo. |
| 260 |
_aTennessee, U.S.A. : _bCasa Bautista de Publicaciones, _c1976. |
||
| 300 |
_a146 p. ; _c18 cm. |
||
| 504 | _aIncluye referencias bibliográficas y notas al pie de las páginas. | ||
| 534 | _aRoman´s everyman´s gospel. | ||
| 700 | 1 |
_aOlmedo, Alfonso, _etr. _949465 |
|
| 049 | _aBNGR | ||
| 999 |
_c23570 _d23570 |
||